LEADER 00471nab a2200145 i 4500 001 000000275320 003 CaOOAMICUS 005 20110513000000.0 008 110513n xx uu u0 0und r 013 $a24528 040 $aSeMil$bita 245 10$aSakramententheologie. - Titolo dalla copertina. 500 $a1. Vierteljahr 2011. 773 0 $t2011.$dMünster : Aschendorff, 2011.$w()202111 996 $6245$aSakramententheologie. - Titolo dalla copertina.$9(OLS)http://semarc/title/361398 LEADER 00720nas a2200181 i 4500 001 000000018447 003 CaOOAMICUS 005 20191121151610.0 008 180830n200? it zx lf u0 z|ita u 040 $aSeMil$bita 245 10$aQuaderni di studi scotisti. 264 1$aFrigento (AV) :$bCasa mariana,$c[200?]- 300 $av. ;$c22 cm. 500 $aA cura del Seminario Teologico "Immacolata Mediatrice" dei Frati Francescani dell'Immacolata 710 0 $aSeminario teologico Immacolata mediatrice.$0(OLS)http://semarc/name/8307 996 $6245$aQuaderni di studi scotisti$9(OLS)http://semarc/title/24289 996 $6264$aFrigento (AV) :$bCasa mariana$9(OLS)http://semarc/publisher/34864